Seattle Sounders Players - Statistics

General Stats
  • This quiz has been taken 19 times
    2 since last reset
  • The average score is 83 of 176
Answer Stats
Player % Correct
Albert Rusnák
100%
Álex Roldán
100%
Álvaro Fernández
100%
Andrew Thomas
100%
Brad Smith
100%
Cody Baker
100%
Cristian Roldán
100%
Danny Musovski
100%
Darwin Jones
100%
Fredy Montero
100%
Hérculez Gómez
100%
Jackson Ragen
100%
Jarrod Smith
100%
Jesús Ferreira
100%
Jhon Kennedy Hurtado
100%
João Paulo
100%
Joevin Jones
100%
Jordan Morris
100%
Kalani Kossa-Rienzi
100%
Kee-hee Kim
100%
Léo Chú
100%
Leonardo González
100%
Nicolás Lodeiro
100%
Nouhou Tolo
100%
Obed Vargas
100%
Osaze De Rosario
100%
Osvaldo Alonso
100%
Paul Rothrock
100%
Pedro de la Vega
100%
Raúl Ruidíaz
100%
Reed Baker-Whiting
100%
Ryan Kent
100%
Sebastian Gomez
100%
Shane O'Neill
100%
Stefan Frei
100%
Thomás
100%
Will Bruin
100%
Xavier Arreaga
100%
Yeimar Gómez Andrade
100%
Aaron Kovar
50%
Abdoulaye Cissoko
50%
Adam Moffat
50%
Alfonso Ocampo-Chávez
50%
Andreas Ivanschitz
50%
Andy Craven
50%
Andy Rose
50%
Antino Lopez
50%
Blaise Nkufo
50%
Brad Evans
50%
Bryan Meredith
50%
Cam Weaver
50%
Chad Barrett
50%
Chad Marshall
50%
Clint Dempsey
50%
Daniel Leyva
50%
David Estrada
50%
DeAndre Yedlin
50%
Dylan Teves
50%
Eddie Johnson
50%
Emanuel Cecchini
50%
Erik Friberg
50%
Eriq Zavaleta
50%
Ethan Dobbelaere
50%
Freddie Ljungberg
50%
Georgi Minoungou
50%
Gonzalo Pineda
50%
Gustav Svensson
50%
Handwalla Bwana
50%
Harry Shipp
50%
Hassani Dotson
50%
Héber
50%
Henry Wingo
50%
Jalil Anibaba
50%
James Riley
50%
Jimmy Medranda
50%
Jimmy Ockford
50%
Jon Bell
50%
Jordan McCrary
50%
Jordy Delem
50%
Josh Atencio
50%
Kasey Keller
50%
Kelvin Leerdam
50%
Kelyn Rowe
50%
Kenny Cooper Jr.
50%
Lamar Neagle
50%
Luis Silva
50%
Magnus Wolff Eikrem
50%
Marc Burch
50%
Marco Pappa
50%
Marcus Hahnemann
50%
Mario Martínez
50%
Mauro Rosales
50%
Michael Farfán
50%
Michael Gspurning
50%
Miguel Ibarra
50%
Mike Azira
50%
Nathan Sturgis
50%
Nelson Valdez
50%
Nicolas Benezet
50%
Obafemi Martins
50%
O'Brian White
50%
Patrick Ianni
50%
Paul Arriola
50%
Peter Kingston
50%
Philip Lund
50%
Roger Levesque
50%
Román Torres
50%
Saad Abdul-Salaam
50%
Sean Okoli
50%
Sébastien Le Toux
50%
Servando Carrasco
50%
Shalrie Joseph
50%
Snyder Brunell
50%
Stefan Cleveland
50%
Stephen King
50%
Steve Zakuani
50%
Taylor Graham
50%
Tony Alfaro
50%
Tristan Bowen
50%
Troy Perkins
50%
Tyler Miller
50%
Tyrone Marshall
50%
Tyrone Mears
50%
Victor Mansaray
50%
Víctor Rodríguez
50%
Waylon Francis
50%
Zach Scott
50%
Adam Johansson
0%
Alex Caskey
0%
Alex Villanueva
0%
Amadou Sanyang
0%
Andrew Weber
0%
Benjamin Dragavon
0%
Chris Eylander
0%
Christian Sivebaek
0%
Christian Tiffert
0%
Cordell Cato
0%
David Olsen
0%
Djimi Traoré
0%
Dylan Remick
0%
Eythor Martin Bjørgolfsson
0%
Felix Chenkam
0%
Francisco Narbón
0%
Hal Uderitz
0%
Irvin Parra
0%
Jeff Parke
0%
Jonathan Campbell
0%
Josh Ford
0%
Justin Dhillon
0%
Michael Tetteh
0%
Miguel Montaño
0%
Mike Fucito
0%
Mike Seamon
0%
Nate Jaqua
0%
Nathan
0%
Nick Hinds
0%
Nikola Petković
0%
Oalex Anderson
0%
Oniel Fisher
0%
Pat Noonan
0%
Peter Vagenas
0%
Ray Saari
0%
Rodrigue Ele Ebolo
0%
Sammy Ochoa
0%
Sam Rogers
0%
Samuel Adeniran
0%
Sanna Nyassi
0%
Seyi Adekoya
0%
Shandon Hopeau
0%
Sota Kitahara
0%
Spencer Richey
0%
Stuart Hawkins
0%
Terry Boss
0%
Travian Sousa
0%
Tyson Wahl
0%
Zach Mathers
0%
No matching quizzes found
Score Distribution
Percent of People with Each Score
Percentile by Number Answered
Your Score History
You have not taken this quiz since the last reset